|
|
|
|
| LEADER |
00000cam a2200000 7i4500 |
| 001 |
0000038679 |
| 005 |
20131119.0 |
| 008 |
131119 |
| 020 |
|
|
|a 9839302337
|
| 090 |
0 |
0 |
|a 297.2
|b RUM
|
| 245 |
1 |
0 |
|a Rumahku syurgaku :
|b pengukuhan institusi keluarga dan rumahtangga :
|b modul 4
|
| 260 |
|
|
|a Melaka :
|b JKKM ,
|c 2005
|
| 650 |
|
0 |
|a Faith (Islam)
|
| 650 |
|
0 |
|a Marriage (Islam law)
|
| 650 |
|
0 |
|a Pillar of Islam
|
| 999 |
|
|
|a 0001249264
|b Book
|c Adult Collection
|e Perbadanan Perpustakaan Awam Johor
|
| 999 |
|
|
|a 0001249268
|b Book
|c Adult Collection
|e Perbadanan Perpustakaan Awam Johor
|
| 999 |
|
|
|a 0001249273
|b Book
|c Adult Collection
|e Perbadanan Perpustakaan Awam Johor
|